000 00577nam a2200181Ia 4500
003 GCL
008 140319s9999 xx 000 0 ara d
040 _aGCL /
_cGCL
082 0 4 _a811.09
_bو ج
100 1 _aوليد منير
245 1 0 _aجدلية اللغة والحدث فى الدراما الشعرية العربية الحديثة /
_cوليد منير
300 _a231 ص
490 _aدراسات ادبية
_v0
650 0 4 _aالادب العربى
650 0 4 _aالشعر الدرامى
650 0 4 _aالشعر المسرحى - نقد
942 _2ddc
_cBK
999 _c49108
_d49108